[Event "Adelaide Lidums IM"]
[Site "Adelaide"]
[Date "2018.12.11"]
[Round "5"]
[White "Rosen, Eric S"]
[Black "Cameron, Alistair"]
[Result "1-0"]
[WhiteElo "2342"]
[BlackElo "2102"]
[PlyCount "51"]
[EventDate "2018.12.08"]
[EventType "tourn"]
[EventRounds "9"]
[EventCountry "AUS"]
[EventCategory "1"]
[SourceTitle "CBM 187 Extra"]
[Source "ChessBase"]
[SourceDate "2018.11.04"]
[SourceVersion "1"]
[SourceVersionDate "2018.11.04"]
[SourceQuality "1"]

1. d4 Nf6 2. Bf4 d5 3. e3 c5 4. Nf3 Nc6 5. Nbd2 Nh5 6. Be5 f6 7. Bg3 Bg4 8. c3 Qd7 9. Qa4 cxd4 10. exd4 Qe6+ 11. Be2 g5 12. Kf1 Nf4 13. Bb5 Kf7 14. h4 Bh6 15. Re1 Qf5 16. hxg5 Bxg5 17. Bxc6 bxc6 18. Qxc6 Qd3+ 19. Kg1 Ne2+ 20. Rxe2 Qxe2 21. Qxd5+ Kg6 22. Nxg5 Qe1+ 23. Nf1 fxg5 24. f4 Qe2 25. Rh6+ Kg7 26. fxg5 1-0

[Event "Adelaide Lidums IM"]
[Site "Adelaide"]
[Date "2018.12.10"]
[Round "3"]
[White "Cameron, Alistair"]
[Black "Ang, Alphaeus Wei Ern"]
[Result "0-1"]
[WhiteElo "2102"]
[BlackElo "2118"]
[PlyCount "84"]
[EventDate "2018.12.08"]
[EventType "tourn"]
[EventRounds "9"]
[EventCountry "AUS"]
[EventCategory "1"]
[SourceTitle "CBM 187 Extra"]
[Source "ChessBase"]
[SourceDate "2018.11.04"]
[SourceVersion "1"]
[SourceVersionDate "2018.11.04"]
[SourceQuality "1"]

1. d4 Nf6 2. c4 g6 3. Nc3 Bg7 4. e4 d6 5. Nf3 0-0 6. Be2 e5 7. 0-0 Nc6 8. d5 Ne7 9. Ne1 Nd7 10. Be3 f5 11. f3 f4 12. Bf2 g5 13. Rc1 Ng6 14. c5 Nf6 15. cxd6 cxd6 16. Nb5 Rf7 17. Qc2 Ne8 18. Nxa7 Bd7 19. Qb3 h5 20. Qb6 Qb8 21. h3 Bf6 22. Nc6 bxc6 23. Qxb8 Rxb8 24. dxc6 Be6 25. b3 Bd8 26. Bc4 Bxc4 27. Rxc4 Bb6 28. Nd3 Ra7 29. Bxb6 Rxb6 30. Nb4 Ne7 31. a4 Kf7 32. Rfc1 Nc7 33. R1c3 Ra8 34. Kf2 Rab8 35. Nd5 Nexd5 36. exd5 Rxb3 37. Rxb3 Rxb3 38. a5 Rb5 39. Ra4 Nxd5 40. a6 Rb8 41. Ke1 Ke6 42. Kd2 Nc7 0-1

[Event "Adelaide Lidums IM"]
[Site "Adelaide"]
[Date "2018.12.10"]
[Round "4"]
[White "Cameron, Alistair"]
[Black "Lee, Qing Aun"]
[Result "0-1"]
[WhiteElo "2102"]
[BlackElo "2297"]
[PlyCount "74"]
[EventDate "2018.12.08"]
[EventType "tourn"]
[EventRounds "9"]
[EventCountry "AUS"]
[EventCategory "1"]
[SourceTitle "CBM 187 Extra"]
[Source "ChessBase"]
[SourceDate "2018.11.04"]
[SourceVersion "1"]
[SourceVersionDate "2018.11.04"]
[SourceQuality "1"]

1. d4 Nf6 2. c4 e6 3. Nc3 Bb4 4. f3 c5 5. d5 b5 6. e4 bxc4 7. Bxc4 Nxd5 8. Bxd5 exd5 9. Qxd5 Nc6 10. Nge2 Ba6 11. Be3 Qa5 12. Kf2 Rb8 13. Rhd1 0-0 14. Rab1 Rfe8 15. a3 Bxc3 16. Nxc3 Ne5 17. b4 Qd8 18. Bxc5 Qf6 19. Bd4 Qh4+ 20. Kg1 Bc4 21. Qd6 Ng6 22. Bxa7 Ra8 23. Bf2 Qg5 24. a4 Ne5 25. Kh1 Ra6 26. Qd2 Qh5 27. Qf4 Nd3 28. Qh4 Qe5 29. Rbc1 Rh6 30. f4 Rxh4 31. fxe5 Nxf2+ 32. Kg1 Nxd1 33. Rxd1 Rh6 34. Rd4 Rc8 35. b5 Re6 36. a5 Rxe5 37. b6 Ba6 0-1

[Event "Adelaide Lidums IM"]
[Site "Adelaide"]
[Date "2017.12.04"]
[Round "4"]
[White "Brown, Andrew"]
[Black "Cameron, Alistair"]
[Result "1-0"]
[WhiteElo "2319"]
[BlackElo "2080"]
[PlyCount "83"]
[EventDate "2017.12.02"]
[EventType "tourn"]
[EventRounds "9"]
[EventCountry "AUS"]
[EventCategory "1"]
[SourceTitle "CBM 182 Extra"]
[Source "ChessBase"]
[SourceDate "2018.02.23"]
[SourceVersion "1"]
[SourceVersionDate "2018.02.23"]
[SourceQuality "1"]

1. d4 d5 2. c4 c6 3. Nf3 Nf6 4. Nc3 a6 5. e3 b5 6. b3 Bg4 7. Be2 e6 8. 0-0 Nbd7 9. h3 Bh5 10. Bb2 Bd6 11. Ne5 Bxe2 12. Nxe2 Qc7 13. cxb5 cxb5 14. Rc1 Qb8 15. Nxd7 Nxd7 16. e4 dxe4 17. d5 0-0 18. dxe6 Nc5 19. Ng3 Nd3 20. Nxe4 Bh2+ 21. Kh1 Nxb2 22. exf7+ Kh8 23. Qc2 Be5 24. Ng5 g6 25. f4 Bf6 26. Qc6 Qd8 27. Ne6 Qe7 28. Nxf8 Rxf8 29. Qxa6 Rxf7 30. Qxb5 Kg7 31. Rc8 Qa7 32. a4 Re7 33. Qd5 Qa6 34. Rfc1 Nd3 35. R1c6 Nf2+ 36. Kh2 Qf1 37. Qg8+ Kh6 38. Qf8+ Kh5 39. Rc5+ Be5 40. Rc1 Nd1 41. g4+ Kh4 42. Qh6# 1-0

[Event "Begonia op 47th"]
[Site "Ballarat"]
[Date "2013.03.10"]
[Round "5"]
[White "Partsi, Dimitry"]
[Black "Cameron, Alistair"]
[Result "1-0"]
[WhiteElo "2108"]
[BlackElo "2140"]
[PlyCount "45"]
[EventDate "2013.03.09"]
[EventType "swiss"]
[EventRounds "7"]
[EventCountry "AUS"]
[SourceTitle "CBM 153 Extra"]
[Source "ChessBase"]
[SourceDate "2013.04.22"]
[SourceVersion "1"]
[SourceVersionDate "2013.04.22"]
[SourceQuality "1"]

1. d4 d5 2. e4 dxe4 3. Nc3 Nf6 4. f3 exf3 5. Nxf3 e6 6. Bg5 Be7 7. Bd3 Nbd7 8. 0-0 0-0 9. Qe1 Re8 10. Qh4 Nf8 11. Ne5 Ng6 12. Bxg6 hxg6 13. Rad1 Nh7 14. Bxe7 Qxe7 15. Qf2 Nf6 16. Rd3 Rf8 17. Rh3 Nd7 18. Ne4 c5 19. Qg3 cxd4 20. Nf6+ Qxf6 21. Rxf6 Nxf6 22. Qh4 Nh5 23. g4 1-0

[Event "Begonia op 47th"]
[Site "Ballarat"]
[Date "2013.03.09"]
[Round "1"]
[White "Hain, Anthony"]
[Black "Cameron, Alistair"]
[Result "0-1"]
[WhiteElo "1859"]
[BlackElo "2140"]
[PlyCount "33"]
[EventDate "2013.03.09"]
[EventType "swiss"]
[EventRounds "7"]
[EventCountry "AUS"]
[SourceTitle "CBM 153 Extra"]
[Source "ChessBase"]
[SourceDate "2013.04.22"]
[SourceVersion "1"]
[SourceVersionDate "2013.04.22"]
[SourceQuality "1"]

1. e4 c5 2. Nc3 Nc6 3. f4 g6 4. Nf3 Bg7 5. Bc4 e6 6. 0-0 Nge7 7. f5 d5 8. fxg6 hxg6 9. Bb5 Qd6 10. d3 Bd7 11. Bg5 0-0-0 12. Qd2 d4 13. Bxc6 Bxc6 14. Ne2 e5 15. Qa5 Kb8 16. b4 cxb4 17. a3 0-1

[Event "Doeberl Cup 50th"]
[Site "Canberra"]
[Date "2012.04.09"]
[Round "9"]
[White "Dragicevic, Domagoj"]
[Black "Cameron, Alistair"]
[Result "1-0"]
[WhiteElo "2328"]
[BlackElo "1988"]
[PlyCount "69"]
[EventDate "2012.04.05"]
[EventType "swiss"]
[EventRounds "9"]
[EventCountry "AUS"]
[SourceTitle "CBM 147 Extra"]
[Source "ChessBase"]
[SourceDate "2012.04.24"]
[SourceVersion "1"]
[SourceVersionDate "2012.04.24"]
[SourceQuality "1"]

1. e4 c5 2. a3 g6 3. h4 Nc6 4. h5 gxh5 5. Rxh5 Nf6 6. Rh4 Bg7 7. Nf3 d6 8. Nc3 Bg4 9. Bb5 h5 10. d3 Nd7 11. Bxc6 bxc6 12. Ne2 e6 13. Rh1 Bxf3 14. gxf3 Qf6 15. f4 h4 16. Ng1 Ke7 17. Qg4 Rh7 18. c3 Rah8 19. Be3 Qg6 20. Qxg6 fxg6 21. Nh3 Rb8 22. 0-0-0 Rh5 23. Rdg1 Kf6 24. Rg4 Rbh8 25. Rhg1 Nf8 26. e5+ Ke7 27. exd6+ Kxd6 28. Rg5 e5 29. fxe5+ Bxe5 30. f4 Bf6 31. Bxc5+ Ke6 32. f5+ Kd5 33. Rxh5 gxh5 34. b4 Nd7 35. Nf4+ 1-0

[Event "Doeberl Cup Premier 50th"]
[Site "Canberra"]
[Date "2012.04.08"]
[Round "8"]
[White "Cameron, Alistair"]
[Black "Gorka, Carl"]
[Result "1-0"]
[WhiteElo "1988"]
[BlackElo "2149"]
[PlyCount "97"]
[EventDate "2012.04.05"]
[EventType "swiss"]
[EventRounds "9"]
[EventCountry "AUS"]
[SourceTitle "EXT 2023"]
[Source "ChessBase"]
[SourceDate "2022.10.05"]
[SourceVersion "1"]
[SourceVersionDate "2022.10.05"]
[SourceQuality "1"]

1. d4 d5 2. c4 c6 3. Nf3 e6 4. Nc3 dxc4 5. e3 b5 6. a4 Bb4 7. Bd2 a5 8. axb5 Bxc3 9. Bxc3 cxb5 10. b3 Bb7 11. d5 Nf6 12. bxc4 b4 13. Bxf6 Qxf6 14. Qa4+ Nd7 15. Nd4 Ke7 16. Be2 Rhb8 17. Bf3 Ne5 18. d6+ Kf8 19. Bxb7 Rxb7 20. 0-0 b3 21. Nxb3 Qd8 22. c5 Rb4 23. Qa3 Rh4 24. Nd4 Rh5 25. f4 Nc4 26. Qd3 Rxc5 27. Qxh7 Nxd6 28. Qh8+ Ke7 29. Qxg7 Qg8 30. Qxg8 Rxg8 31. Rxa5 Rc3 32. Re1 Nc4 33. Ra7+ Kf6 34. Kf2 Rd3 35. Nf3 Rb8 36. Ng5 Rb2+ 37. Kf3 Kg6 38. Rxf7 Nd2+ 39. Ke2 Ra3 40. Re7 Ne4+ 41. Kf3 Nxg5+ 42. fxg5 Kf5 43. h4 Raa2 44. e4+ Ke5 45. g3 Rg2 46. h5 Rh2 47. Kg4 Ra3 48. Rf7 Ra8 49. g6 1-0

[Event "Doeberl Cup 50th"]
[Site "Canberra"]
[Date "2012.04.05"]
[Round "1"]
[White "Cameron, Alistair"]
[Black "Chan, Yi Ren Daniel"]
[Result "0-1"]
[WhiteElo "1988"]
[BlackElo "2342"]
[PlyCount "80"]
[EventDate "2012.04.05"]
[EventType "swiss"]
[EventRounds "9"]
[EventCountry "AUS"]
[SourceTitle "CBM 147 Extra"]
[Source "ChessBase"]
[SourceDate "2012.04.24"]
[SourceVersion "1"]
[SourceVersionDate "2012.04.24"]
[SourceQuality "1"]

1. d4 Nf6 2. c4 d6 3. Nc3 e5 4. Nf3 e4 5. Nd2 Bf5 6. e3 c6 7. b4 Be7 8. Be2 Qd7 9. 0-0 0-0 10. Qb3 d5 11. a4 Bd6 12. cxd5 cxd5 13. b5 Rc8 14. Ba3 Bxh2+ 15. Kxh2 Qc7+ 16. g3 Qxc3 17. Qxc3 Rxc3 18. Rfc1 Rxc1 19. Rxc1 Ne8 20. f3 Nd7 21. fxe4 dxe4 22. g4 Bg6 23. a5 Ndf6 24. a6 bxa6 25. bxa6 Nd5 26. Nc4 f5 27. Bc5 Nef6 28. gxf5 Bxf5 29. Nd6 Be6 30. Nb5 Ng4+ 31. Kg1 Ngxe3 32. Nxa7 Nf4 33. Kf2 Nxe2 34. Kxe2 Nd5 35. Kd2 Bf5 36. Ra1 e3+ 37. Ke1 Bd3 38. Ra3 Nf4 39. Ra2 e2 40. Kf2 Re8 0-1

[Event "Begonia op 46th"]
[Site "Ballarat"]
[Date "2012.03.11"]
[Round "5"]
[White "Dragicevic, Domagoj"]
[Black "Cameron, Alistair"]
[Result "1/2-1/2"]
[WhiteElo "2328"]
[BlackElo "1988"]
[PlyCount "93"]
[EventDate "2012.03.10"]
[EventType "swiss"]
[EventRounds "7"]
[EventCountry "AUS"]
[SourceTitle "EXT 2019"]
[Source "ChessBase"]
[SourceDate "2018.10.10"]
[SourceVersion "1"]
[SourceVersionDate "2018.10.10"]
[SourceQuality "1"]

1. e4 c5 2. Nf3 Nc6 3. d4 cxd4 4. Nxd4 Nf6 5. Nc3 e5 6. Ndb5 d6 7. Bg5 a6 8. Na3 b5 9. Nd5 Be7 10. Bxf6 Bxf6 11. c4 b4 12. Nc2 Rb8 13. b3 Bg5 14. Be2 0-0 15. 0-0 a5 16. Qd3 f5 17. Nde3 Bxe3 18. fxe3 Ne7 19. Rad1 Rf6 20. exf5 Bxf5 21. e4 Qb6+ 22. Kh1 Bg6 23. Rxf6 gxf6 24. Ne3 Rd8 25. h3 Qc6 26. Bf3 a4 27. Rd2 Kh8 28. Rc2 axb3 29. axb3 Ra8 30. Kh2 Ra1 31. Rd2 Kg7 32. Nc2 Rc1 33. Nxb4 Qc5 34. Qxd6 Qg1+ 35. Kg3 Qe1+ 36. Rf2 Kf7 37. Qd2 Qg1 38. Nd3 Ra1 39. c5 Kg7 40. Qb2 Nc6 41. Rc2 Rb1 42. Rc1 Rxb2 43. Rxg1 Rxb3 44. Rd1 Rc3 45. Kf2 Nd4 46. Ke3 Nb3 47. Ke2 1/2-1/2

[Event "Adelaide op"]
[Site "Adelaide"]
[Date "2011.09.20"]
[Round "9"]
[White "Cameron, Alistair"]
[Black "Anderson Smith, William T"]
[Result "1-0"]
[WhiteElo "1955"]
[BlackElo "1736"]
[PlyCount "77"]
[EventDate "2011.06.26"]
[EventType "swiss"]
[EventRounds "9"]
[EventCountry "AUS"]
[SourceTitle "EXT 2023"]
[Source "ChessBase"]
[SourceDate "2022.10.05"]
[SourceVersion "1"]
[SourceVersionDate "2022.10.05"]
[SourceQuality "1"]

1. d4 d5 2. c4 e6 3. Nc3 Nf6 4. cxd5 exd5 5. Bg5 Nbd7 6. e3 c6 7. Bd3 Be7 8. Qc2 0-0 9. Nge2 Re8 10. 0-0-0 Nf8 11. h3 N6d7 12. Bf4 Nb6 13. Kb1 Bd6 14. g4 Bxf4 15. exf4 f6 16. f5 Qd6 17. h4 a5 18. g5 a4 19. Rhg1 Kh8 20. h5 Bd7 21. h6 Re7 22. hxg7+ Rxg7 23. g6 a3 24. b3 Nc8 25. Ng3 Ne7 26. Nh5 hxg6 27. fxg6 f5 28. Nxg7 Kxg7 29. Ne2 Nfxg6 30. Ng3 Rf8 31. Rde1 Rf7 32. Rxe7 Qxe7 33. Nxf5+ Bxf5 34. Bxf5 Rxf5 35. Qxf5 Qe4+ 36. Qxe4 dxe4 37. Rg4 Kf6 38. Rxe4 Kf5 39. f3 1-0

[Event "South Australia-ch"]
[Site "Adelaide"]
[Date "2011.03.08"]
[Round "4"]
[White "Cameron, Alistair"]
[Black "Chapman, Mark"]
[Result "0-1"]
[WhiteElo "1921"]
[BlackElo "2401"]
[PlyCount "58"]
[EventDate "2011.02.15"]
[EventType "swiss"]
[EventRounds "9"]
[EventCountry "AUS"]
[SourceTitle "EXT 2023"]
[Source "ChessBase"]
[SourceDate "2022.10.05"]
[SourceVersion "1"]
[SourceVersionDate "2022.10.05"]
[SourceQuality "1"]

1. d4 Nf6 2. c4 g6 3. Nc3 Bg7 4. e4 d6 5. f4 0-0 6. Nf3 c5 7. d5 e6 8. Be2 exd5 9. cxd5 Nbd7 10. e5 dxe5 11. fxe5 Ng4 12. e6 Nde5 13. Ng5 fxe6 14. Bxg4 Nxg4 15. Qxg4 exd5 16. Qh4 h6 17. Nf3 g5 18. Qh5 d4 19. Ne2 Qe7 20. Kd1 Qe4 21. Ng3 Qd3+ 22. Bd2 c4 23. Ne1 Qh7 24. Rc1 Be6 25. h4 c3 26. bxc3 dxc3 27. Bxc3 Rad8+ 28. Bd2 Rf2 29. Ne2 Qe4 0-1

[Event "AUS-ch U16"]
[Site "Mooroolbark"]
[Date "2011.01.23"]
[Round "9"]
[White "Kanagarajah, Abbie"]
[Black "Cameron, Alistair"]
[Result "0-1"]
[WhiteElo "1392"]
[BlackElo "1827"]
[PlyCount "76"]
[EventDate "2011.01.15"]
[EventType "swiss"]
[EventRounds "9"]
[EventCountry "AUS"]
[SourceTitle "EXT 2013"]
[Source "ChessBase"]
[SourceDate "2012.11.22"]
[SourceVersion "1"]
[SourceVersionDate "2012.11.22"]
[SourceQuality "1"]

1. e4 c5 2. Nf3 d6 3. Bb5+ Bd7 4. Bxd7+ Qxd7 5. c4 Nf6 6. Nc3 g6 7. 0-0 Bg7 8. d4 cxd4 9. Nxd4 0-0 10. f3 Rc8 11. b3 e6 12. Rb1 d5 13. exd5 exd5 14. Nxd5 Nxd5 15. cxd5 Qxd5 16. Ne2 Qc5+ 17. Kh1 Nc6 18. Bf4 Rd8 19. Qc1 Qa5 20. Qc2 Rac8 21. Ng3 b5 22. Rfd1 Nd4 23. Qe4 Qxa2 24. Rd2 Rc2 25. Rxc2 Qxb1+ 26. Rc1 Qxe4 27. fxe4 Nxb3 28. Rb1 a5 29. h3 a4 30. Be3 a3 31. Rxb3 a2 32. Ra3 a1Q+ 33. Rxa1 Bxa1 34. Bc5 Rd1+ 35. Kh2 Be5 36. h4 Rd3 37. Bf2 Rxg3 38. Bxg3 Bxg3+ 0-1

[Event "AUS-ch U16"]
[Site "Mooroolbark"]
[Date "2011.01.19"]
[Round "5"]
[White "Li, Tim"]
[Black "Cameron, Alistair"]
[Result "0-1"]
[WhiteElo "1445"]
[BlackElo "1827"]
[PlyCount "60"]
[EventDate "2011.01.15"]
[EventType "swiss"]
[EventRounds "9"]
[EventCountry "AUS"]
[SourceTitle "EXT 2013"]
[Source "ChessBase"]
[SourceDate "2012.11.22"]
[SourceVersion "1"]
[SourceVersionDate "2012.11.22"]
[SourceQuality "1"]

1. e4 c5 2. Nc3 Nc6 3. Bb5 Nd4 4. Bc4 g6 5. Nge2 Bg7 6. Nxd4 cxd4 7. Qf3 e6 8. Nb5 d6 9. c3 dxc3 10. dxc3 a6 11. Nd4 Qf6 12. Qe2 Ne7 13. Be3 d5 14. exd5 exd5 15. Bb3 0-0 16. 0-0-0 b5 17. h4 Qd6 18. h5 b4 19. hxg6 fxg6 20. c4 Bb7 21. Bh6 Bxh6+ 22. Rxh6 Qf4+ 23. Qe3 Qxe3+ 24. fxe3 Rac8 25. Ne6 Nf5 26. Rh3 Rfe8 27. e4 Rxe6 28. exf5 gxf5 29. Kb1 dxc4 30. Bc2 Be4 0-1

[Event "Sydney op"]
[Site "Parramatta"]
[Date "2010.04.09"]
[Round "6"]
[White "Cheung, Benjamin"]
[Black "Cameron, Alistair"]
[Result "0-1"]
[WhiteElo "1946"]
[BlackElo "2015"]
[PlyCount "82"]
[EventDate "2010.04.07"]
[EventType "swiss"]
[EventRounds "9"]
[EventCountry "AUS"]
[SourceTitle "CBM 135 Extra"]
[Source "ChessBase"]
[SourceDate "2010.05.04"]
[SourceVersion "1"]
[SourceVersionDate "2010.05.04"]
[SourceQuality "1"]

1. e4 c5 2. c3 d5 3. exd5 Qxd5 4. d4 Bf5 5. Nf3 Nf6 6. Be3 e6 7. dxc5 Qxd1+ 8. Kxd1 Nbd7 9. Bb5 0-0-0 10. c6 bxc6 11. Ba6+ Kb8 12. Nbd2 Nd5 13. Nd4 Nxe3+ 14. fxe3 Kc7 15. Nxf5 exf5 16. Rf1 Nc5 17. Rxf5 Nxa6 18. Rxf7+ Rd7 19. Rxd7+ Kxd7 20. Ke2 Be7 21. Nc4 Ke6 22. Rd1 Rd8 23. Rxd8 Bxd8 24. e4 Nc5 25. Kf3 Nd3 26. Ke3 Ne5 27. Kd4 Nxc4 28. Kxc4 Bb6 29. b4 Ke5 30. Kd3 h5 31. a4 g5 32. c4 a6 33. h3 Ba7 34. b5 cxb5 35. axb5 a5 36. g3 Bc5 37. h4 g4 38. Kc3 Kxe4 39. Kb3 Kd4 40. Ka4 Bb6 41. Kb3 Kd3 0-1